| 000 | 01038nam a2200289 a 4500 | ||
|---|---|---|---|
| 001 | BRL_1673 | ||
| 005 | 20190320211322.0 | ||
| 008 | 230414s1999----mx-aob####---#000-0#spa-# | ||
| 020 | _a9686533877 | ||
| 041 | _aspa | ||
| 044 | _amx | ||
| 050 | 4 |
_aF1435 _b.B68 1999 |
|
| 100 | 1 |
_aBourbon, Fabio _927593 |
|
| 245 | 1 | 0 |
_aLas ciudades perdidas de los mayas _bvida, obra y descubrimientos de Frederick Catherwood _cFabio Bourbon ; traduccion del ingles, Clara Lozano Alberú. |
| 260 |
_aMéxico _bArtes de México : Gobierno de Yucatán, Instituto de Cultura de Yucatán _c1999 |
||
| 300 |
_a192 p. _bil., fotografía (a color), mapas _c36 cm. |
||
| 500 | _aAu1519 | ||
| 504 | _aBibliografía: p. [200] | ||
| 600 | 1 | 4 |
_aCatherwood, Frederick _d1799-1854 _927594 |
| 650 | 1 | 4 |
_aMayas _xAntigüedades _99555 |
| 650 | 1 | 4 |
_aExploradores _vBiografías _927595 |
| 651 | 4 |
_aMéxico _xAntigüedades _92765 |
|
| 651 | 4 |
_aAmérica Central _xAntigüedades _923855 |
|
| 700 | 1 |
_aLozano Alberú, Clara _etr. _927596 |
|
| 902 | _aGRL | ||
| 942 |
_2lcc _cB |
||
| 999 |
_c10482 _d10482 |
||